Teória obmedzení v projektovom manažmente

Súčasná situácia pri vykonávaní viacerých projektových úloh súbežne. Teória obmedzení ako spôsob riešenia problematiky vykonávania viacerých projektových úloh súbežne. Aplikácie teórie obmedzení pri plánovaní projektov.

Guardado en:
Detalles Bibliográficos
Autor principal: Tomišová, Marta
Formato: Capítulo de libro
Lenguaje:eslovaco
Materias:
Etiquetas: Agregar Etiqueta
Sin Etiquetas, Sea el primero en etiquetar este registro!

MARC

LEADER 00000naa a2200000 4500
001 0159862
005 20231107080039.1
041 0 |a slo 
044 |a SK 
245 1 0 |a Teória obmedzení v projektovom manažmente  |c Marta Tomišová 
520 |a Súčasná situácia pri vykonávaní viacerých projektových úloh súbežne. Teória obmedzení ako spôsob riešenia problematiky vykonávania viacerých projektových úloh súbežne. Aplikácie teórie obmedzení pri plánovaní projektov. 
610 2 0 |a riadenie projektové 
610 2 0 |a projekty 
610 2 0 |a plánovanie 
610 2 0 |a manažment 
610 2 0 |a riadenie podnikové 
100 1 |a Tomišová, Marta